000
00223 a2200097 4500
001
15361
100
_a
Taylor M.J.H
245
_a
Jane's encyclopedia of aviations
260
_a
London
_b
Jan's pubs
_c
090
_c
11992
_d
11992
942
_a
NUST-CAE
_c
M
_c
2216
999
_c
250434
_d
250434